Регионална библиотека "Любен Каравелов" - Русе

Млекоснабдяването на гр. Русе (Запис номер 159515)

MARC детайли
000 -Лидер
Контролно поле с фиксирана дължина 01639nam a2200433 c 4500
003 - Код на организацията, давaща контролен номер
Контролно поле BLK
005 - Дата и час на последна редакция
Контролно поле 20250122135952.0
008 - Елементи от данни с фиксирана дължина
fixed length control field 180410b bul|||||r ||||||| ||bul||
010 ## - Наследен системен номер
LC control number KNG00166686000
040 ## - Източник на каталожния запис
Идентификатор на билиотеката - собственик на записа BLK
041 ## - Код за език
Код за езика на текст/звукозапис или на отделно заглавие Български
Код за езика КДБФ Български
072 #7 - Код за тематичната категория
Код организация bullib
Код за тематична категория К
Текст Краезнание
080 ## - УДК
Текстов определител УДК Млечна промишленост в цялост (Вж и 637.2 ; 637.3)
УДК код - определител по УДК 637.1
УДК определител :339.18(497.215)
УДК - код + определител 637.1:339.18(497.215)
100 1# - Редна дума - Автор
Автор Ганев, Ганчо Иванов
Авторска отговорност първи автор
R(LIN) 334516
139 ## - Редно поле
Редна дума Ганев, Ганчо Иванов
Авторски знак Гане - Г 20
245 10 - Сведения за заглавието
Заглавие Млекоснабдяването на гр. Русе
Подзаглавни данни Реферат, четен на 18 март 1938 г. пред Русенския клон на Бълг. икон. д-во
Редно поле (дума) Ганчо Иванов Ганев.
257 ## - Страна на издаване
Страна на създаване/издаване България
260 ## - Област на издателските данни
Име на издателя, разпространителя и проч. Русенска гр. община
Година на издаване 1938
300 ## - Физическа характеристика
Страници 36 с.
Размери/Мащаб 23 см
380 ## - Жанр
Жанр Селско стопанство
500 ## - Общи забележки
Забележка 1000 тир.
650 #4 - Допълнително описание по предмет – тема
Основно описание – тема или топоним Млечни продукти - търговия
9 (RLIN) 301762
650 #4 - Допълнително описание по предмет – тема
Основно описание – тема или топоним Русе - стопанско развитие
9 (RLIN) 275828
651 #4 - Допълнително описание по предмет - топоним
Географско понятие България
9 (RLIN) 241624
651 #4 - Допълнително описание по предмет - топоним
Географско понятие Русе
9 (RLIN) 179462
653 ## - Ключова дума – ненормативна
Ключова дума млечни продукти
653 ## - Ключова дума – ненормативна
Ключова дума Русе
653 ## - Ключова дума – ненормативна
Ключова дума търговия
659 ## - Тематичен бюлетин
Тематичен бюлетин К
852 ## - Местоположение
Форматна сигнатура Цб 40856
852 ## - Местоположение
Форматна сигнатура К 63/Г 20 Г
856 4# - Електронен адрес и достъп
Електронен формат pdf - файл
856 4# - Електронен адрес и достъп
Електронен формат pdf - файл
999 ## - СИСТЕМНИ КОНТРОЛНИ НОМЕРА
Koha biblionumber 159515
Koha biblioitemnumber 159515
942 ## - АРТИКУЛИ
Вид на библиотечния материал Книги
Скрит в OPAC Не
Периодичен библиозапис Да
Koha issues (borrowed), all copies 1
944 ## - СЪЗДАВАНЕ И РЕДАКЦИЯ на ЗАПИСА
Създаване/Редакция Създаване
Дата на регистрацията/редакция 30.10.2014
Статус, дата на статуса Валя Йорданова
Служител, извършил регистрацията/редакцията 30558
944 ## - СЪЗДАВАНЕ И РЕДАКЦИЯ на ЗАПИСА
Създаване/Редакция Редакция
Дата на регистрацията/редакция 30.10.2014
Статус, дата на статуса 30.10.2014 - от С1,Р / 30.10.2014
999 ## - СИСТЕМНИ КОНТРОЛНИ НОМЕРА
Koha biblioitemnumber 159515
999 ## - СИСТЕМНИ КОНТРОЛНИ НОМЕРА
Koha biblioitemnumber 159515
Наличности
Код за отписване Код за изгубен артикул Източник на класификационната схема Код за повреда Коз за рестрикции Код за отдаване Артикулен № Име на библиотеката - собственик Име на библиотеката, в която се намира в момента Статус (Текущо местоположение) Дата на вписване в системата Местоположение - отдел Цена в лева Инвентарен номер Систематично азбучна сигнатура Баркод Номер на екземпляра Цена в евро Служебна бележка Служебен тип на артикула
  Не е изгубен Universal Decimal Classification Не е повреден без рестрикции ползва се в читалня 266487 Регионална библиотека "Любен Каравелов" Русе Регионална библиотека "Любен Каравелов" Русе Краезнание 1938-01-01 Краезнание 0.06 28354 К 63/Г 20 900000096576 1 0.03 N: Сф Дата: 01.01.1938 Дата инв: 10.11.2017 Бележки инв: К2017 Книги
  Не е изгубен Universal Decimal Classification Не е повреден без рестрикции ползва се в читалня 266488 Регионална библиотека "Любен Каравелов" Русе Регионална библиотека "Любен Каравелов" Русе Краезнание 1938-01-01 Краезнание 0.30 9110/66 К 63/Г 20 Г 900000003510 2 0.15 N: Сф Дата: 01.01.1938 Дата инв: 16.11.2017 Бележки инв: К2017 Книги
  Не е изгубен Universal Decimal Classification Не е повреден без рестрикции ползва се в читалня 266489 Регионална библиотека "Любен Каравелов" Русе Регионална библиотека "Любен Каравелов" Русе Краезнание 1938-01-01 Краезнание 0.10 16980/66 К 63/Г 20 Г 900000003542 3 0.05 N: Сф Дата: 01.01.1938 Дата инв: 16.11.2017 Бележки инв: К2017 Книги
Vip Innovations Ltd, Rousse, Bulgaria 2025